[Event "GCT 2025 Saint Louis - Rapid"]
[Site "Saint Louis"]
[Date "13.08.2025"]
[Round "8R"]
[White "Dominguez, Leinier"]
[Black "Vachier-Lagrave, Maxime"]
[Result "1/2-1/2"]
[WhiteElo "2738"]
[BlackElo "2736"]
[EventDate "2025.08.11"]

1. e4 c5 2. Nf3 d6 3. d4 cxd4 4. Nxd4 Nf6 5. Nc3 a6 6. Bg5 e6 7. f3 Nbd7 8.
Qd2 b5 9. a3 Bb7 10. O-O-O Be7 11. Kb1 Rc8 12. Qe1 O-O 13. h4 Ne5 14. f4
Neg4 15. e5 Nd5 16. Nxd5 Bxd5 17. Nf5 f6 18. Nxe7+ Qxe7 19. exf6 Qc7 20.
Rxd5 exd5 21. Qe6+ Rf7 22. Qxg4 Qxc2+ 23. Ka2 Rc3 24. Rh3 Qb3+ 25. Kb1 Qc2+
26. Ka2 Qb3+ 27. Kb1 Qc2+ 28. Ka2 Qb3+ 1/2-1/2

[Event "GCT 2025 Saint Louis - Rapid"]
[Site "Saint Louis"]
[Date "13.08.2025"]
[Round "8R"]
[White "Aronian, Levon"]
[Black "Oparin, Grigoriy"]
[Result "1-0"]
[WhiteElo "2737"]
[BlackElo "2660"]
[EventDate "2025.08.11"]

1. e4 c5 2. Nf3 Nc6 3. Bb5 e6 4. Bxc6 bxc6 5. b3 f6 6. O-O Nh6 7. d4 cxd4
8. Bxh6 gxh6 9. Nxd4 Qa5 10. Nd2 Rg8 11. Nc4 Qg5 12. Ne3 Bb7 13. f4 Qg7 14.
Qd3 c5 15. Nb5 O-O-O 16. Nxa7+ Kb8 17. Qb5 Bd6 18. Rad1 Bc7 19. Qxc5 Qf8
20. Qxf8 Rdxf8 21. Nb5 Bb6 22. Rfe1 Bxe4 23. g3 d5 24. Kf1 Rd8 25. Nd4 Rd6
26. c4 Rc8 27. f5 Bxd4 28. Rxd4 e5 29. Rxd5 Bxd5 30. Nxd5 Kb7 31. Re4 Ra8
32. a4 Kc6 33. Ke2 Rb8 34. b4 Rxd5 35. b5+ Rdxb5 36. cxb5+ Kb6 37. Rh4 Ka5
38. Rxh6 Kxa4 39. Rxf6 Kxb5 40. Ke3 Kc5 41. Ke4 Rb2 42. Kxe5 Re2+ 43. Kf4
Rxh2 44. g4 h6 45. Re6 Kd5 46. Re1 Rd2 47. Kg3 Rd3+ 48. Kh4 Rd2 49. Kh5
Rh2+ 50. Kg6 1-0

[Event "GCT 2025 Saint Louis - Rapid"]
[Site "Saint Louis"]
[Date "13.08.2025"]
[Round "9R"]
[White "Oparin, Grigoriy"]
[Black "Shankland, Sam"]
[Result "0-1"]
[WhiteElo "2660"]
[BlackElo "2670"]
[EventDate "2025.08.11"]

1. e4 e5 2. Nc3 Nc6 3. g3 Nf6 4. Bg2 Bc5 5. d3 a5 6. h3 d6 7. Nge2 O-O 8.
O-O Nd4 9. Kh2 c6 10. f4 exf4 11. Bxf4 Ne6 12. Bc1 d5 13. d4 Ba7 14. exd5
cxd5 15. Be3 Bb8 16. Qd2 h5 17. Kg1 Re8 18. Rf2 b5 19. Nxb5 Ne4 20. Bxe4
dxe4 21. Raf1 f6 22. c4 Ng5 23. Bxg5 fxg5 24. Qe3 Bxh3 25. Re1 Ra6 26. Nec3
Rg6 27. d5 Bf4 28. Qa7 Bxg3 29. Qf7+ Kh7 30. Nxe4 Bxf2+ 31. Qxf2 Bd7 32.
Nd4 Rf8 33. Qe3 Rf4 34. Nf3 Rg4+ 35. Kf2 Qb8 36. b3 h4 37. d6 Qf8 38. c5
Bc6 39. Qd3 h3 40. d7 Rg2+ 41. Ke3 Qf4+ 42. Kd4 Bxd7 43. Ne5 Bf5 44. Nxg6
Kxg6 45. c6 h2 46. Kc5 Rg1 47. Qd8 Rxe1 48. Qe8+ Kh6 49. Qh8+ Bh7 0-1

[Event "GCT 2025 Saint Louis - Rapid"]
[Site "Saint Louis"]
[Date "13.08.2025"]
[Round "9R"]
[White "Le Quang Liem"]
[Black "Aronian, Levon"]
[Result "1/2-1/2"]
[WhiteElo "2729"]
[BlackElo "2737"]
[EventDate "2025.08.11"]

1. d4 Nf6 2. c4 e6 3. Nf3 b6 4. Nc3 Bb7 5. e3 d5 6. cxd5 exd5 7. Qa4+ Nbd7
8. Ba6 Bxa6 9. Qxa6 c6 10. O-O Bd6 11. Bd2 O-O 12. Rac1 Qc8 13. Qa4 Qb7 14.
Ne2 c5 15. dxc5 bxc5 16. Bc3 Rfe8 17. Ng3 Bxg3 18. hxg3 Ne4 19. Qc2 a5 20.
Rfd1 a4 21. Nd2 Nxc3 22. Qxc3 Rab8 23. Rc2 h6 24. Nf3 Nf6 25. Qa3 c4 26.
Nd4 h5 27. Qxa4 Ra8 28. Qc6 Qxc6 29. Nxc6 Rxa2 30. Nb4 Ra5 31. Rcd2 Rb5 32.
Nxd5 Nxd5 33. Rxd5 Rxb2 34. Rc5 Rc2 35. Rxh5 g6 36. Rc5 Ra8 37. g4 Raa2 38.
Rf1 c3 39. g5 Kg7 40. g3 Ra8 41. Kg2 Rd8 42. g4 Rdd2 43. Kg3 Rd8 44. Rh1
Rh8 45. Ra1 Rb8 46. Rc7 Rbb2 47. f3 Rg2+ 48. Kf4 Rb4+ 49. e4 c2 50. Raa7
Rb1 51. Ra2 c1=Q+ 52. Rxc1 Rxg4+ 53. Kxg4 Rxc1 54. f4 Rg1+ 55. Kf3 Rf1+ 56.
Ke3 Re1+ 57. Kd4 Rf1 58. Ke5 Re1 59. Ra4 Rf1 60. Ra7 Re1 61. Ra6 Rb1 62.
Rf6 Rd1 63. Rd6 Rf1 64. Ra6 Re1 65. Kd4 Rd1+ 66. Kc4 Rf1 67. Rf6 Ra1 68. e5
Ra4+ 69. Kb5 Rd4 70. Kc5 Ra4 71. Kd6 Ra6+ 72. Kc7 Ra4 73. Kc6 Rd4 74. Kc7
Ra4 75. e6 fxe6 76. Kd6 Re4 77. Ke7 e5 78. Rf7+ Kg8 79. Rf8+ Kg7 80. Rf7+
Kg8 81. f5 gxf5 82. Kf6 Ra4 83. Re7 Ra6+ 84. Kxf5 e4 85. g6 Ra1 86. Rxe4
Rf1+ 87. Kg5 Rg1+ 88. Kf6 Rf1+ 89. Kg5 Rg1+ 90. Kf6 Rf1+ 91. Kg5 1/2-1/2

[Event "GCT 2025 Saint Louis - Rapid"]
[Site "Saint Louis"]
[Date "13.08.2025"]
[Round "9R"]
[White "Vachier-Lagrave, Maxime"]
[Black "So, Wesley"]
[Result "1-0"]
[WhiteElo "2736"]
[BlackElo "2745"]
[EventDate "2025.08.11"]

1. e4 e5 2. Nf3 Nc6 3. Bb5 Nf6 4. O-O Nxe4 5. Re1 Nd6 6. Nxe5 Be7 7. Bf1
Nxe5 8. Rxe5 O-O 9. d4 Bf6 10. Re2 b6 11. Re1 Bb7 12. a4 Re8 13. Rxe8+ Qxe8
14. a5 Qe4 15. a6 Bc6 16. Be3 Nf5 17. Nc3 Nxe3 18. Nxe4 Nxd1 19. Nxf6+ gxf6
20. Rxd1 Be4 21. f3 Bg6 22. d5 Kf8 23. d6 c6 24. c3 b5 25. b4 Re8 26. Kf2
Bc2 27. Rd2 Bb1 28. g4 h6 29. c4 bxc4 30. Bxc4 Rb8 31. Rb2 Bg6 32. Ke3 f5
33. Kd4 fxg4 34. fxg4 Re8 35. b5 cxb5 36. Rxb5 Be4 37. Re5 Rxe5 38. Kxe5
Bf3 39. Kf5 f6 40. h3 Bg2 41. h4 Bf3 42. h5 1-0

[Event "GCT 2025 Saint Louis - Blitz"]
[Site "Saint Louis"]
[Date "15.08.2025"]
[Round "10B"]
[White "Dominguez, Leinier"]
[Black "Le Quang Liem"]
[Result "1-0"]
[WhiteElo "2738"]
[BlackElo "2729"]
[EventDate "2025.08.15"]

1. e4 e5 2. Nf3 Nc6 3. Bc4 Bc5 4. c3 Nf6 5. d3 d6 6. a4 a5 7. Bg5 h6 8. Bh4
Qe7 9. O-O O-O 10. Nbd2 Be6 11. Re1 Bxc4 12. Nxc4 Qe6 13. d4 Qxc4 14. Bxf6
Bb6 15. Nh4 Qe6 16. Bxg7 Kxg7 17. d5 Qf6 18. Nf5+ Kh7 19. dxc6 bxc6 20. Ra3
d5 21. Qc2 Rad8 22. c4 dxe4 23. Qxe4 Rd2 24. Rf3 Kh8 25. g3 Re8 26. b3 Qg6
27. Kg2 Bc5 28. Re2 Rxe2 29. Qxe2 e4 30. Rf4 Re5 31. Nxh6 f5 32. Rh4 Kg7
33. Qd1 Be7 34. Qd7 Kf8 35. Qc8+ Qe8 36. Qxe8+ Kxe8 37. Rh5 e3 38. fxe3
Rxe3 39. Nxf5 Rxb3 40. Nxe7 Kxe7 41. Rxa5 Rc3 42. h4 Rxc4 43. h5 Kf6 44.
Kh3 c5 45. g4 Kg5 46. Ra6 Rc3+ 47. Kg2 Kxg4 48. h6 Rc2+ 49. Kf1 Kf3 50. Ke1
Ke3 51. Kd1 Rh2 52. a5 Kd3 53. Ke1 c4 54. Rc6 c3 55. a6 c2 56. a7 Ke3 57.
Rc3+ Kd4 58. Rxc2 Kd5 1-0

[Event "GCT 2025 Saint Louis - Blitz"]
[Site "Saint Louis"]
[Date "15.08.2025"]
[Round "12B"]
[White "Dominguez, Leinier"]
[Black "Oparin, Grigoriy"]
[Result "1-0"]
[WhiteElo "2738"]
[BlackElo "2660"]
[EventDate "2025.08.15"]

1. e4 c5 2. Nf3 d6 3. d4 cxd4 4. Nxd4 Nf6 5. Nc3 Nc6 6. Bg5 e6 7. Qd2 a6 8.
O-O-O Be7 9. Kb1 Nxd4 10. Qxd4 h6 11. Be3 Qc7 12. f3 b5 13. Qd2 Bb7 14. h4
Rc8 15. a3 Nd7 16. g4 Ne5 17. Be2 Nc4 18. Bxc4 Qxc4 19. Bd4 O-O 20. g5 h5
21. Bf6 Bd8 22. Bxd8 Rfxd8 23. Qe3 a5 24. Qb6 Bc6 25. Qxa5 d5 26. Qb4 d4
27. Na2 e5 28. Qxc4 bxc4 29. Nb4 Bb7 30. Rd2 f5 31. gxf6 Rf8 32. c3 dxc3
33. Rd7 Rf7 34. Rxf7 Kxf7 35. fxg7 cxb2 36. Rg1 Kg8 37. Kxb2 c3+ 38. Kc2
Rc7 39. Nd5 Rf7 40. Rg3 Bxd5 41. exd5 Rf4 42. Kxc3 Rxh4 43. Rg5 Rf4 44.
Rxh5 Rxf3+ 45. Kb4 e4 46. Re5 Rd3 47. a4 Rd4+ 48. Kb5 Kxg7 49. a5 Kf6 50.
Re6+ Kf5 51. Kc5 Ra4 52. a6 Ra3 53. Kb6 Rb3+ 54. Kc7 Ra3 55. Kb7 Rb3+ 56.
Rb6 Rxb6+ 57. Kxb6 e3 58. a7 e2 59. a8=Q e1=Q 60. Qf8+ Kg6 61. Kc6 Qa5 1-0

[Event "GCT 2025 Saint Louis - Blitz"]
[Site "Saint Louis"]
[Date "15.08.2025"]
[Round "16B"]
[White "Le Quang Liem"]
[Black "Gukesh, Dommaraju"]
[Result "1/2-1/2"]
[WhiteElo "2729"]
[BlackElo "2776"]
[EventDate "2025.08.15"]

1. d4 Nf6 2. c4 e6 3. Nf3 h6 4. Nc3 Bb4 5. e3 Bxc3+ 6. bxc3 d6 7. Bd3 O-O
8. O-O e5 9. e4 Bg4 10. Re1 Nc6 11. d5 Ne7 12. h3 Bd7 13. c5 Ng6 14. Rb1 b6
15. c6 Bc8 16. Nh2 Nh7 17. Qh5 Ne7 18. f4 exf4 19. Bxf4 f5 20. Qe2 Ng6 21.
Rf1 fxe4 22. Qxe4 Bf5 23. Qxf5 Rxf5 24. Bxf5 Nxf4 25. Rxf4 Qg5 26. Rbf1 Nf6
27. Ng4 Nxg4 28. Be6+ Kh7 29. Rxg4 Qe3+ 30. Kh2 Qe5+ 31. Rg3 g5 32. Rf5 Qe1
33. Rf7+ Kg6 34. Rgf3 Qe5+ 35. g3 h5 36. Kg2 g4 37. R3f4 Qe2+ 38. Rf2 Qe4+
39. Kh2 Qe5 40. h4 Qxc3 41. Rxc7 Rf8 42. Rxf8 Qd2+ 43. Kg1 Qe1+ 44. Kg2
Qe4+ 45. Kf2 Qd4+ 46. Kf1 Qd3+ 47. Kg2 Qe4+ 48. Kf2 Qd4+ 49. Ke2 Qe4+ 50.
Kd2 Qd4+ 51. Ke2 Qe4+ 52. Kf1 Qd3+ 53. Kf2 Qd4+ 54. Kg2 Qe4+ 55. Kh2 Qe2+
56. Kg1 Qe1+ 57. Kg2 Qe4+ 58. Kg1 Qe1+ 59. Kg2 Qe4+ 60. Kg1 Qe1+ 61. Kg2
Qe4+ 62. Kg1 1/2-1/2